[Event "Quebec op U1700"]
[Site "Laval CAN"]
[Date "2022.09.03"]
[Round "4.46"]
[White "Tachijian, Mardig"]
[Black "Peloquin, Charli"]
[Result "1/2-1/2"]
[WhiteElo "1552"]
[BlackElo "1298"]
[PlyCount "167"]
[EventDate "2022.09.01"]
[EventType "swiss"]
[EventRounds "9"]
[EventCountry "CAN"]

1. d4 Nf6 2. c4 e6 3. Nc3 Bb4 4. Bd2 O-O 5. Qc2 c5 6. e3 d5 7. Nf3 Nbd7 8. a3
Bxc3 9. bxc3 b6 10. cxd5 exd5 11. Be2 Ne4 12. O-O Ndf6 13. Ne5 Bf5 14. Qb2 c4
15. Be1 Qc7 16. f3 Nd6 17. g4 Be6 18. Bg3 Nfe8 19. g5 Qe7 20. h4 f6 21. gxf6
gxf6 22. Ng4 Nf5 23. Bf2 h5 24. Nh2 Nxe3 25. Bxe3 Bh3 26. Kf2 Bxf1 27. Rxf1 Kf7
28. f4 Rh8 29. Qb5 Nc7 30. Qb1 Rae8 31. Qc1 Nb5 32. Bf3 Qd7 33. Bg2 Re7 34. a4
Nc7 35. Qd1 Qf5 36. Qf3 Rg8 37. Rc1 Kf8 38. Bh3 Qd3 39. f5 Ke8 40. Bf4 Qxf3+
41. Kxf3 Na8 42. Nf1 Kd7 43. Ne3 Kc6 44. Kf2 Re4 45. Bg3 Rxg3 46. Kxg3 Rxe3+
47. Kh2 Nc7 48. Bg2 b5 49. a5 Kb7 50. Kg1 Ka6 51. Kf2 Rd3 52. Bf3 Kxa5 53. Bxh5
Rh3 54. Bf7 Rxh4 55. Rg1 Rf4+ 56. Ke3 Rxf5 57. Rg8 Kb6 58. Rb8+ Kc6 59. Rf8 a5
60. Be6 Rf1 61. Ke2 Rc1 62. Rxf6 Kb7 63. Kd2 Rh1 64. Bf5 Rh2+ 65. Kc1 b4 66.
Bd7 bxc3 67. Bc6+ Ka7 68. Rd6 Rd2 69. Bxd5 Rxd4 70. Rd7 Kb6 71. Rd6+ Kc5 72.
Rc6+ Kxd5 73. Rxc7 Ke4 74. Kc2 Kd5 75. Ra7 Rd2+ 76. Kxc3 Rd3+ 77. Kb2 Rb3+ 78.
Kc2 Rb5 79. Kc3 Rc5 80. Rd7+ Kc6 81. Rd8 Kb6 82. Rb8+ Ka7 83. Rb1 Ka6 84. Ra1
1/2-1/2

[Event "Quebec op U1700"]
[Site "Laval CAN"]
[Date "2022.09.03"]
[Round "4.48"]
[White "Duval, Mathieu"]
[Black "Podariu, Cristian"]
[Result "1-0"]
[WhiteElo "1524"]
[BlackElo "1496"]
[PlyCount "95"]
[EventDate "2022.09.01"]
[EventType "swiss"]
[EventRounds "9"]
[EventCountry "CAN"]

1. d4 Nf6 2. c4 g6 3. Nc3 Bg7 4. e4 d6 5. Nf3 O-O 6. Be2 e5 7. O-O a5 8. Bg5 h6
9. dxe5 hxg5 10. exf6 Qxf6 11. Nd5 Qd8 12. Qd2 c6 13. Nc3 g4 14. Nd4 Be5 15.
Nc2 Kg7 16. Ne3 Qh4 17. g3 Qh3 18. f4 gxf3 19. Rxf3 Be6 20. Bf1 Qh5 21. Be2 Qh3
22. Raf1 Nd7 23. Nf5+ Bxf5 24. exf5 Rh8 25. R1f2 Raf8 26. Ne4 c5 27. f6+ Nxf6
28. Nxf6 Bd4 29. Kh1 Bxf2 30. Rxf2 Qxg3 31. Nh5+ Rxh5 32. Bxh5 Qh4 33. Bf3 Qxc4
34. Bd5 Qh4 35. Bxb7 Qe7 36. Bd5 a4 37. Rf4 a3 38. bxa3 Qe5 39. Rh4 g5 40. Re4
Qf6 41. Rg4 Kh6 42. Rg1 Re8 43. h4 Re5 44. hxg5+ Rxg5 45. Rxg5 Qxg5 46. Qxg5+
Kxg5 47. a4 Kf6 48. a5 1-0

[Event "Quebec op U1700"]
[Site "Laval CAN"]
[Date "2022.09.03"]
[Round "4.49"]
[White "Laroche, Martin"]
[Black "Bourassa, Louis"]
[Result "1-0"]
[WhiteElo "1416"]
[BlackElo "1511"]
[PlyCount "77"]
[EventDate "2022.09.01"]
[EventType "swiss"]
[EventRounds "9"]
[EventCountry "CAN"]

1. e4 c5 2. c4 Nc6 3. d3 d6 4. f4 e6 5. Nf3 Nge7 6. Be2 g6 7. Bd2 Bg7 8. Bc3
Nd4 9. Nxd4 cxd4 10. Bd2 O-O 11. O-O f5 12. exf5 Nxf5 13. Na3 Ne3 14. Bxe3 dxe3
15. Qb3 Qf6 16. Rab1 Qh4 17. g3 Qh3 18. Bf3 Bd4 19. Kh1 Rf5 20. Qd1 Bd7 21.
Bxb7 Rh5 22. Qe2 Rb8 23. Bf3 Rh6 24. Nc2 Bb6 25. Nxe3 Bxe3 26. Bg4 Bc6+ 27. Bf3
Bxf3+ 28. Rxf3 Bd4 29. b3 Rc8 30. b4 e5 31. a4 Qd7 32. Qe4 Qe6 33. f5 gxf5 34.
Rxf5 Kh8 35. Rbf1 Rg8 36. c5 Rxg3 37. Rf8+ Rg8 38. Rxg8+ Kxg8 39. Qa8+ {
illisible, White win in 44 moves} 1-0

[Event "Quebec op U1700"]
[Site "Laval CAN"]
[Date "2022.09.03"]
[Round "4.50"]
[White "Berube, Maximilien"]
[Black "Levasseur, Sylvain"]
[Result "1-0"]
[WhiteElo "1480"]
[BlackElo "1509"]
[PlyCount "91"]
[EventDate "2022.09.01"]
[EventType "swiss"]
[EventRounds "9"]
[EventCountry "CAN"]

1. c4 e5 2. g3 c6 3. d4 exd4 4. Qxd4 d5 5. cxd5 Qxd5 6. Qxd5 cxd5 7. Bg2 Bb4+
8. Bd2 Bxd2+ 9. Nxd2 Ne7 10. e3 Nbc6 11. Ne2 O-O 12. Nb3 Be6 13. Ned4 Nxd4 14.
Nxd4 Rac8 15. O-O Nc6 16. Rfd1 Rfd8 17. Bf3 Nxd4 18. Rxd4 Rc2 19. b4 g6 20. e4
Rdc8 21. exd5 Bd7 22. d6 Rb2 23. Be4 Kf8 24. a4 Ke8 25. b5 Kd8 26. Re1 Rc5 27.
Bxb7 Rcc2 28. Rf4 Be6 29. Bc6 Re2 30. Rxe2 Rxe2 31. Rd4 Bh3 32. Rd1 Be6 33. Kg2
Ra2 34. Rd4 Ra3 35. h3 h6 36. Be4 Kd7 37. Bc6+ Kd8 38. Kh2 Ra2 39. Kg2 Ra3 40.
g4 Kc8 41. Be8 Kd8 42. d7 Rb3 43. Rf4 Bd5+ 44. f3 Rb2+ 45. Kg3 g5 46. Rf5 1-0

[Event "Quebec op U1700"]
[Site "Laval CAN"]
[Date "2022.09.03"]
[Round "4.52"]
[White "Miron, Gilles"]
[Black "Duplessis, Claude"]
[Result "1-0"]
[WhiteElo "1388"]
[BlackElo "1551"]
[PlyCount "51"]
[EventDate "2022.09.01"]
[EventType "swiss"]
[EventRounds "9"]
[EventCountry "CAN"]

1. e4 e5 2. d4 exd4 3. Nf3 Nc6 4. Bc4 Bb4+ 5. c3 dxc3 6. bxc3 Be7 7. Qd5 Nh6 8.
Bxh6 O-O 9. Be3 Bf6 10. e5 Be7 11. O-O d6 12. exd6 Bxd6 13. Qh5 Be6 14. Bxe6
fxe6 15. Ng5 h6 16. Nxe6 Qf6 17. Nxf8 Rxf8 18. Qd5+ Kh8 19. Nd2 Qg6 20. Ne4 Rf5
21. Qc4 Ne5 22. Qe2 Nf3+ 23. Kh1 Nxh2 24. Ng3 Nf3 25. gxf3 Rh5+ 26. Kg2 1-0

[Event "Quebec op U1700"]
[Site "Laval CAN"]
[Date "2022.09.03"]
[Round "4.54"]
[White "Bergeron, Jean-Guy"]
[Black "Girard-Plouffe, Francois"]
[Result "1-0"]
[WhiteElo "1370"]
[BlackElo "1499"]
[PlyCount "63"]
[EventDate "2022.09.01"]
[EventType "swiss"]
[EventRounds "9"]
[EventCountry "CAN"]

1. c4 g6 2. Nc3 Bg7 3. e4 c5 4. Nf3 d6 5. d4 cxd4 6. Nxd4 Qb6 7. Nb3 Nf6 8. Be3
Qd8 9. Be2 O-O 10. O-O Nc6 11. c5 Ne5 12. cxd6 exd6 13. Bg5 Be6 14. Nb5 Bc4 15.
Na5 Bxe2 16. Nxb7 Qb6 17. Qxe2 Qxb7 18. Nxd6 Qc6 19. Rfd1 Rab8 20. Rac1 Qb6 21.
b3 h6 22. Be3 Qa5 23. Rc5 Qa3 24. Rxe5 Ng4 25. Bc5 Qa5 26. b4 Qa4 27. Re7 h5
28. Rxa7 Qc6 29. h3 Nf6 30. Qc4 Nd7 31. Nxf7 Rxf7 32. Rdxd7 1-0

[Event "Quebec op U1700"]
[Site "Laval CAN"]
[Date "2022.09.03"]
[Round "4.55"]
[White "Raduica, Gheorghe"]
[Black "Guillemette, Sebastien"]
[Result "1/2-1/2"]
[WhiteElo "1472"]
[BlackElo "1495"]
[PlyCount "114"]
[EventDate "2022.09.01"]
[EventType "swiss"]
[EventRounds "9"]
[EventCountry "CAN"]

1. e4 e5 2. Nf3 Nc6 3. d4 exd4 4. Nxd4 Bc5 5. c3 Qf6 6. Be3 Nge7 7. Qd3 Ng6 8.
Nxc6 Bxe3 9. Qxe3 dxc6 10. Nd2 O-O 11. O-O-O a5 12. Qd4 Qe7 13. Be2 b5 14. Nb3
Nf4 15. Bf3 Ne6 16. Qe3 a4 17. Nd4 Nxd4 18. cxd4 Ra6 19. d5 Qe5 20. Qd4 Qxd4
21. Rxd4 c5 22. Rd2 Re8 23. Be2 Rb6 24. f3 f5 25. exf5 Bxf5 26. Bd3 Bxd3 27.
Rxd3 Kf7 28. Rhd1 Rd6 29. g3 Re2 30. R1d2 Rxd2 31. Kxd2 Kf6 32. Ke3 Ke5 33. f4+
Kf5 34. h3 h5 35. Kf3 Rg6 36. Re3 Rd6 37. g4+ hxg4+ 38. hxg4+ Kf6 39. g5+ Kf7
40. Ke4 g6 41. Rd3 Rd8 42. f5 gxf5+ 43. Kxf5 b4 44. b3 axb3 45. axb3 Rd6 46.
Ke5 Kg6 47. Rg3 Ra6 48. Ke4 Ra3 49. Rd3 Kxg5 50. d6 cxd6 51. Rxd6 Rxb3 52. Rd5+
Kg4 53. Rxc5 Rb1 54. Rc4 b3 55. Kd3+ Kf3 56. Rb4 b2 57. Kc2 Re1 1/2-1/2

[Event "Quebec op U1700"]
[Site "Laval CAN"]
[Date "2022.09.03"]
[Round "4.56"]
[White "Thouin, Hubert"]
[Black "Bedard, Daniel"]
[Result "0-1"]
[WhiteElo "1316"]
[BlackElo "1432"]
[PlyCount "112"]
[EventDate "2022.09.01"]
[EventType "swiss"]
[EventRounds "9"]
[EventCountry "CAN"]

1. c4 Nf6 2. g3 g6 3. Bg2 c6 4. d4 d5 5. cxd5 cxd5 6. Nc3 Nc6 7. Nf3 e6 8. O-O
Bg7 9. Rb1 Qe7 10. a3 a6 11. Bf4 h6 12. Ne5 Nd7 13. Nxc6 bxc6 14. e4 g5 15. Be3
O-O 16. Re1 f5 17. exf5 Rxf5 18. Bh3 Rf7 19. Bc1 Nf8 20. b4 Qf6 21. Be3 Bb7 22.
Bg4 Re7 23. Qf3 Qxf3 24. Bxf3 Rae8 25. Bh5 Rd8 26. Rbd1 Nd7 27. Rd2 e5 28. Rde2
Nf6 29. Nxd5 cxd5 30. Bf3 e4 31. Bg2 g4 32. Rc2 Rc8 33. Rec1 Rxc2 34. Rxc2 Ne8
35. Bf1 Rc7 36. Rc5 Bf8 37. Ra5 Rc6 38. Rxd5 Rc3 39. Rh5 Nf6 40. Ra5 Nd5 41.
Bxa6 Nxe3 42. fxe3 Bxa6 43. Rxa6 Rxe3 44. Rg6+ Kh7 45. Rxg4 h5 46. Kf2 Bh6 47.
Rh4 Kg6 48. d5 Bg5 49. d6 Rf3+ 50. Ke2 Bxh4 51. gxh4 Rd3 52. b5 Rxd6 53. Ke3
Kf5 54. a4 Rd3+ 55. Ke2 Ra3 56. h3 Rxa4 0-1

[Event "Quebec op U1700"]
[Site "Laval CAN"]
[Date "2022.09.04"]
[Round "5.42"]
[White "Chasles, Jean-Benoit"]
[Black "Yang, Jing Yao"]
[Result "0-1"]
[WhiteElo "1423"]
[BlackElo "1259"]
[PlyCount "104"]
[EventDate "2022.09.01"]
[EventType "swiss"]
[EventRounds "9"]
[EventCountry "CAN"]

1. e4 e5 2. Nf3 Nc6 3. d4 exd4 4. Nxd4 Nf6 5. Nxc6 bxc6 6. e5 Nd5 7. c4 Nb6 8.
Bd3 Bb4+ 9. Nd2 O-O 10. Qh5 g6 11. Qh6 Re8 12. f4 d6 13. O-O dxe5 14. Ne4 Bf8
15. Qg5 Be7 16. Qg3 Bh4 17. Qf3 Qd4+ 18. Kh1 Rd8 19. fxe5 Bf5 20. Nf6+ Bxf6 21.
Bxf5 Bxe5 22. Bc2 Qd7 23. Bg5 Re8 24. Rad1 Qe6 25. b3 Rf8 26. Be4 f6 27. Bh6
Rfd8 28. Bxc6 Rab8 29. Rde1 Rd6 30. Be4 c5 31. Rd1 Rbd8 32. Bc2 Rxd1 33. Rxd1
Rxd1+ 34. Bxd1 Bf4 35. h3 Bxh6 36. Qg3 Qe5 37. Qd3 Qe1+ 38. Kh2 Bf4+ 39. g3
Qd2+ 40. Be2 Qxd3 41. Bxd3 Be3 42. Kg2 Kf7 43. Kf3 Bc1 44. b4 Ba3 45. b5 Ke6
46. Be2 Ke5 47. Ke3 Bb2 48. Kd3 Bd4 49. Bd1 Bf2 50. g4 Be1 51. Bf3 Kf4 52. Ke2
Bb4 0-1

[Event "Quebec op U1700"]
[Site "Laval CAN"]
[Date "2022.09.04"]
[Round "5.43"]
[White "Frangakis, Evan"]
[Black "Avarian, Aram Sevag"]
[Result "0-1"]
[WhiteElo "1589"]
[BlackElo "1657"]
[PlyCount "122"]
[EventDate "2022.09.01"]
[EventType "swiss"]
[EventRounds "9"]
[EventCountry "CAN"]

1. d4 Nf6 2. Nf3 g6 3. Bg5 Ne4 4. Bf4 Bg7 5. c4 c5 6. e3 Nc6 7. Qc2 Qa5+ 8. Kd1
Nb4 9. Qxe4 f5 10. Bc7 fxe4 11. Bxa5 exf3 12. Bxb4 fxg2 13. Bxg2 cxb4 14. Nd2
e5 15. Nb3 Rf8 16. Ke2 exd4 17. Nxd4 Bxd4 18. exd4 a5 19. a3 b3 20. a4 Ra6 21.
Rhe1 Raf6 22. Kf1+ Kd8 23. Re2 Rf4 24. Rd1 b6 25. Bd5 d6 26. f3 Bd7 27. Re3
Bxa4 28. Ra1 b5 29. Kg2 Rxd4 30. cxb5 Rxd5 31. Rxa4 Rxb5 32. Ra3 Re8 33. Rexb3
Re2+ 34. Kg3 Rxb2 35. Rxb2 Rxb2 36. Rxa5 Kc7 37. h4 Kb6 38. Rg5 Rb5 39. Rg4 Rf5
40. Re4 Kc5 41. Re7 Rh5 42. Ra7 d5 43. Ra4 Rf5 44. Ra7 Rh5 45. Ra4 Kd6 46. Ra6+
Ke5 47. Ra4 Rf5 48. Ra7 h5 49. Ra4 Rf6 50. f4+ Kf5 51. Kf3 Rb6 52. Ra3 Rb4 53.
Rd3 Rxf4+ 54. Kg3 Rg4+ 55. Kh3 Ke4 56. Ra3 d4 57. Ra8 Ke3 58. Re8+ Re4 59. Rg8
Re6 60. Ra8 d3 61. Ra3 Ke2 0-1

[Event "Quebec op U1700"]
[Site "Laval CAN"]
[Date "2022.09.04"]
[Round "5.45"]
[White "Novozhenin, Oleksandr"]
[Black "Berube, Maximilien"]
[Result "0-1"]
[WhiteElo "1593"]
[BlackElo "1480"]
[PlyCount "100"]
[EventDate "2022.09.01"]
[EventType "swiss"]
[EventRounds "9"]
[EventCountry "CAN"]

1. e4 c6 2. d4 d5 3. e5 Bf5 4. Ne2 e6 5. Ng3 Bg6 6. Be2 c5 7. c3 Nc6 8. Be3
Nge7 9. Nd2 Nf5 10. Nxf5 Bxf5 11. Qb3 Rb8 12. Qa4 Qb6 13. O-O cxd4 14. cxd4 Be7
15. Qb3 Qxb3 16. Nxb3 O-O 17. Rac1 Rfc8 18. Nc5 Nb4 19. a3 Nc2 20. b4 Nxe3 21.
fxe3 Bg5 22. Kf2 Rc7 23. Bd3 Rxc5 24. Bxf5 Rxc1 25. Rxc1 exf5 26. Rc5 Kf8 27.
Rxd5 Ke7 28. Rc5 Rd8 29. d5 g6 30. Kf3 b6 31. d6+ Ke6 32. Rc7 Rd7 33. Rc8 Kxe5
34. Rh8 h5 35. g3 Rxd6 36. h4 Bf6 37. Ra8 Rd7 38. Rc8 Ke6 39. Rc6+ Rd6 40. Rc7
a5 41. bxa5 bxa5 42. Ra7 Bc3 43. e4 Rd3+ 44. Ke2 fxe4 45. Ra6+ Kf5 46. Ra7 Kf6
47. Ra6+ Kg7 48. Ra8 Rxg3 49. Re8 e3 50. Re4 Bd2 0-1

[Event "Quebec op U1700"]
[Site "Laval CAN"]
[Date "2022.09.04"]
[Round "5.46"]
[White "Houde-Belle-Isle, Raphael"]
[Black "Tachijian, Mardig"]
[Result "0-1"]
[WhiteElo "1310"]
[BlackElo "1552"]
[PlyCount "154"]
[EventDate "2022.09.01"]
[EventType "swiss"]
[EventRounds "9"]
[EventCountry "CAN"]

1. e4 e5 2. Nf3 Nc6 3. Bc4 Bc5 4. Nc3 d6 5. h3 Be6 6. Bxe6 fxe6 7. d3 h6 8. Na4
Bb6 9. Nxb6 axb6 10. b3 Qf6 11. Bb2 Nge7 12. d4 exd4 13. Bxd4 e5 14. Bb2 Qg6
15. O-O Qxe4 16. Re1 Qg6 17. a3 O-O-O 18. Nh4 Qf6 19. Qg4+ Kb8 20. Rad1 Rhg8
21. Rd3 g5 22. Rf3 Qg7 23. Nf5 Nxf5 24. Rxf5 Ne7 25. Rf3 Qg6 26. Qc4 g4 27. Rg3
h5 28. hxg4 hxg4 29. f3 Nf5 30. Rxg4 Qh7 31. Qd3 Rxg4 32. fxg4 Qh4 33. Bc3 Ng3
34. Qf3 e4 35. Qf4 Rg8 36. Bf6 Qxg4 37. Qxg4 Rxg4 38. Re3 Nh5 39. Bc3 c5 40.
Be1 d5 41. Kh2 Rg6 42. Rh3 Ng7 43. Bg3+ Ka7 44. a4 Ka6 45. Bc7 b5 46. a5 b4 47.
Rh8 Kb5 48. Kg1 Ne6 49. Rc8 Nxc7 50. Rxc7 b6 51. axb6 Kxb6 52. Re7 Kc6 53. Ra7
Rg3 54. Kf2 Rc3 55. Ra2 Kd6 56. Ke2 Ke5 57. Kf1 Kf4 58. Ke2 Kg3 59. Kd1 Kxg2
60. Ra8 Kf2 61. Rh8 Rg3 62. Rh5 Ke3 63. Rh1 Kd4 64. Kd2 e3+ 65. Ke2 Rg2+ 66.
Kf3 Rf2+ 67. Kg3 Rxc2 68. Rd1+ Rd2 69. Re1 Kd3 70. Kf3 d4 71. Rc1 Rf2+ 72. Kg3
Rf5 73. Kg4 Rd5 74. Kf3 Kd2 75. Ra1 Kc2 76. Ke4 Rh5 77. Re1 Kxb3 0-1

[Event "Quebec op U1700"]
[Site "Laval CAN"]
[Date "2022.09.04"]
[Round "5.47"]
[White "Duguay-Piron, Simon"]
[Black "Duval, Mathieu"]
[Result "0-1"]
[WhiteElo "1416"]
[BlackElo "1524"]
[PlyCount "64"]
[EventDate "2022.09.01"]
[EventType "swiss"]
[EventRounds "9"]
[EventCountry "CAN"]

1. e4 c5 2. Nf3 Nc6 3. d4 cxd4 4. Nxd4 g6 5. c4 Bg7 6. Be3 d6 7. Nc3 Nf6 8. Be2
O-O 9. O-O Bd7 10. Qd2 Rc8 11. Rfd1 Ng4 12. Bxg4 Bxg4 13. f3 Bd7 14. b3 a6 15.
Rac1 Ne5 16. Nd5 Bc6 17. Nxc6 bxc6 18. Nb6 Rb8 19. c5 dxc5 20. Nd7 Nxd7 21.
Qxd7 Bd4 22. Rxd4 cxd4 23. Qxd4 Qxd4 24. Bxd4 Rfd8 25. Bc5 e6 26. e5 Rd2 27.
Bd6 Rb6 28. b4 Rxa2 29. Bc5 Rb8 30. Rd1 a5 31. bxa5 Rxa5 32. Be7 c5 0-1

[Event "Quebec op U1700"]
[Site "Laval CAN"]
[Date "2022.09.04"]
[Round "5.48"]
[White "Peloquin, Charli"]
[Black "Smirnov, Arteme-Iouri"]
[Result "1-0"]
[WhiteElo "1298"]
[BlackElo "1495"]
[PlyCount "187"]
[EventDate "2022.09.01"]
[EventType "swiss"]
[EventRounds "9"]
[EventCountry "CAN"]

1. c4 e5 2. g3 c6 3. d4 e4 4. Qa4 Qb6 5. Nc3 Qb4 6. Qxb4 Bxb4 7. Bg2 d5 8. a3
Bxc3+ 9. bxc3 Be6 10. cxd5 Bxd5 11. Rb1 b6 12. Nh3 Nd7 13. Nf4 Ngf6 14. a4 O-O
15. Ba3 Rfe8 16. O-O Bc4 17. Rfe1 h6 18. h4 Nd5 19. Nxd5 Bxd5 20. a5 e3 21.
fxe3 Rxe3 22. Bxd5 cxd5 23. axb6 Nxb6 24. Kf2 Rxc3 25. Ra1 Nc4 26. Bc5 a5 27.
Ra4 Rc2 28. Kf3 Rb8 29. Kf4 Nb2 30. Rxa5 Nc4 31. Ra7 Re8 32. Rd7 Rcxe2 33. Rxe2
Rxe2 34. Rxd5 g6 35. Rd8+ Kg7 36. Kf3 Re1 37. Kf2 Rd1 38. Rc8 Rd2+ 39. Ke1 Rd3
40. Bf8+ Kg8 41. Bb4+ Kg7 42. Rxc4 Rxg3 43. Ke2 Rg4 44. Bc3 Kf8 45. Be1 Re4+
46. Kd2 f5 47. Bf2 Ke7 48. Rc6 Rg4 49. Ke3 Kd7 50. d5 Kd8 51. Kf3 Kd7 52. Bg3
Kd8 53. d6 Rd4 54. Rc7 Rd3+ 55. Kf2 g5 56. Be5 g4 57. Bf6+ Ke8 58. Re7+ Kf8 59.
Bg7+ Kg8 60. d7 g3+ 61. Kg2 f4 62. Re8+ Kxg7 63. d8=Q Rxd8 64. Rxd8 Kg6 65. Kf3
Kh5 66. Rd5+ Kxh4 67. Rf5 g2 68. Kxg2 Kg4 69. Rf8 h5 70. Rg8+ Kf5 71. Kf3 h4
72. Rf8+ Kg5 73. Rxf4 h3 74. Rb4 h2 75. Kg2 Kf5 76. Kxh2 Ke5 77. Kg3 Kd5 78.
Kf3 Kc5 79. Rh4 Kd5 80. Ke3 Kc5 81. Kd3 Kc6 82. Rh5 Kd6 83. Ke4 Kc6 84. Kd4 Kb6
85. Rh6+ Kb5 86. Rd6 Kb4 87. Rb6+ Ka5 88. Rb1 Ka4 89. Kc3 Ka5 90. Kc4 Ka6 91.
Kc5 Ka7 92. Kc6 Ka8 93. Kc7 Ka7 94. Ra1# 1-0

[Event "Quebec op U1700"]
[Site "Laval CAN"]
[Date "2022.09.04"]
[Round "5.49"]
[White "Laporte, Michel"]
[Black "Laroche, Martin"]
[Result "1-0"]
[WhiteElo "1528"]
[BlackElo "1416"]
[PlyCount "75"]
[EventDate "2022.09.01"]
[EventType "swiss"]
[EventRounds "9"]
[EventCountry "CAN"]

1. d4 d5 2. Nf3 Nf6 3. e3 e6 4. Bd3 c5 5. b3 cxd4 6. exd4 Bd6 7. Nbd2 Bb4 8.
Bb2 Qa5 9. O-O Bc3 10. Bxc3 Qxc3 11. Qe2 O-O 12. Qe3 Qc7 13. Ne5 b6 14. f4 Ba6
15. c4 Nc6 16. Rf3 Ne7 17. g4 g6 18. f5 exf5 19. gxf5 Rae8 20. Rg3 Nh5 21. Rg5
f6 22. Rxh5 gxh5 23. Qg3+ Kh8 24. Ng6+ Nxg6 25. Qxc7 Re7 26. Qc6 Nf4 27. Qd6
Rg8+ 28. Kf1 Reg7 29. Qxf6 Nxd3 30. Ke2 dxc4 31. bxc4 Nf4+ 32. Kf3 Nh3 33. Re1
Bb7+ 34. d5 b5 35. Re7 bxc4 36. Rxb7 Ng5+ 37. Kf2 c3 38. Qxc3 1-0

[Event "Quebec op U1700"]
[Site "Laval CAN"]
[Date "2022.09.04"]
[Round "5.50"]
[White "Masse-Garneau, Anthony"]
[Black "Miron, Gilles"]
[Result "1-0"]
[WhiteElo "1600"]
[BlackElo "1388"]
[PlyCount "107"]
[EventDate "2022.09.01"]
[EventType "swiss"]
[EventRounds "9"]
[EventCountry "CAN"]

1. e4 e6 2. d4 d5 3. e5 c5 4. c3 Qb6 5. Nf3 Nc6 6. Bd3 Bd7 7. dxc5 Bxc5 8. O-O
Qc7 9. b4 Bb6 10. Re1 Nge7 11. Bf4 Ng6 12. Bg3 O-O 13. Na3 a6 14. Rc1 Qd8 15.
Nc2 Na7 16. Ncd4 Bxd4 17. Nxd4 Qe8 18. Qd2 Nb5 19. Nb3 Bc6 20. Na5 Na3 21. Qb2
Nb5 22. Nxc6 bxc6 23. a4 Nc7 24. h4 Qe7 25. h5 Nh4 26. Qc2 h6 27. Qe2 Qg5 28.
Bxh4 Qxh4 29. Bb1 Ne8 30. Qc2 f5 31. exf6 Nxf6 32. Rxe6 Ne4 33. f3 Rxf3 34.
gxf3 Qg3+ 35. Qg2 Qf4 36. Re1 Nf6 37. Bg6 d4 38. Qe2 Qg3+ 39. Kh1 Qh3+ 40. Kg1
Qg3+ 41. Qg2 Qf4 42. cxd4 Qxd4+ 43. Qf2 Qf4 44. Rxc6 Rd8 45. Rec1 Rf8 46. Rc8
Nd7 47. Rxf8+ Qxf8 48. Qa2+ Kh8 49. Qf7 Qd8 50. Qe8+ Qxe8 51. Bxe8 Nf8 52. Bg6
Kg8 53. Rc8 a5 54. b5 1-0

[Event "Quebec op U1700"]
[Site "Laval CAN"]
[Date "2022.09.04"]
[Round "5.51"]
[White "Bergeron, Jean-Guy"]
[Black "Morais, Antoine"]
[Result "1-0"]
[WhiteElo "1370"]
[BlackElo "1507"]
[PlyCount "131"]
[EventDate "2022.09.01"]
[EventType "swiss"]
[EventRounds "9"]
[EventCountry "CAN"]

1. c4 Nf6 2. Nc3 g6 3. e4 d6 4. d4 Bg7 5. Be2 O-O 6. Nf3 e5 7. O-O Bg4 8. h3
Bxf3 9. Bxf3 exd4 10. Qxd4 Nc6 11. Qd1 Nd7 12. Be3 Re8 13. Qd2 Nde5 14. Be2 a5
15. Bg5 f6 16. Bh6 Bxh6 17. Qxh6 Nb4 18. Qd2 Kg7 19. a3 Na6 20. f4 Nf7 21. f5
Nc5 22. fxg6 hxg6 23. Qf4 Ng5 24. Bf3 Re5 25. Rad1 c6 26. h4 Nf7 27. g4 Qe7 28.
Bg2 Rh8 29. Qf2 a4 30. Rd4 Nb3 31. Rd3 Nc5 32. Rf3 Nd7 33. g5 Nxg5 34. hxg5
Rxg5 35. Qd4 Qe5 36. Qxe5 Nxe5 37. Rxf6 Nxc4 38. Rf7+ Kh6 39. R1f3 Ne5 40. Rh3+
Rh5 41. Rxh5+ Kxh5 42. Rxb7 Rf8 43. Nxa4 g5 44. Rb3 g4 45. Nc3 Nf3+ 46. Bxf3
Rxf3 47. Rb7 Kg5 48. Kg2 Rf6 49. Rg7+ Kf4 50. Nd1 Kxe4 51. Rxg4+ Kd3 52. Nf2+
Kc2 53. Rb4 d5 54. Rb6 Rf7 55. b4 Kb3 56. Rxc6 Kxa3 57. Nd3 Ka4 58. Rd6 Kb5 59.
Rxd5+ Kb6 60. Ne5 Rf4 61. Nd3 Rf6 62. Kg3 Kc6 63. Rc5+ Kb6 64. Re5 Kc6 65. Rc5+
Kb6 66. Ne5 {illisible White wins in 75 moves} 1-0

[Event "Quebec op U1700"]
[Site "Laval CAN"]
[Date "2022.09.04"]
[Round "5.52"]
[White "Podariu, Cristian"]
[Black "Levasseur, Sylvain"]
[Result "1/2-1/2"]
[WhiteElo "1496"]
[BlackElo "1509"]
[PlyCount "86"]
[EventDate "2022.09.01"]
[EventType "swiss"]
[EventRounds "9"]
[EventCountry "CAN"]

1. d4 d5 2. c4 c6 3. Nc3 e6 4. e3 Nf6 5. Nf3 Nbd7 6. Qc2 dxc4 7. Bxc4 Nb6 8.
Bd3 Nbd5 9. a3 Bd7 10. O-O Rc8 11. Nxd5 exd5 12. b4 Be7 13. h3 h6 14. Qe2 O-O
15. Bd2 Bd6 16. b5 Re8 17. Bb4 Bb8 18. a4 Nh5 19. Ne5 Bxe5 20. Qxh5 Bb8 21.
bxc6 Bxc6 22. Bb5 Re6 23. Bd3 Qe8 24. Rfc1 Rxe3 25. fxe3 Qxe3+ 26. Kf1 Qxd3+
27. Qe2 Qxe2+ 28. Kxe2 Re8+ 29. Kf3 Re6 30. Rxc6 Rxc6 31. a5 Bd6 32. Be1 Be7
33. Rb1 b6 34. axb6 axb6 35. Rb5 Rd6 36. Bg3 Rf6+ 37. Ke2 Bd6 38. Bf2 Re6+ 39.
Kd3 Bc7 40. Rxd5 Rd6 41. Rb5 Rd7 42. d5 Kf8 43. Kc4 Ke7 1/2-1/2

[Event "Quebec op U1700"]
[Site "Laval CAN"]
[Date "2022.09.04"]
[Round "5.53"]
[White "Bourassa, Louis"]
[Black "Duplessis, Claude"]
[Result "1-0"]
[WhiteElo "1511"]
[BlackElo "1551"]
[PlyCount "45"]
[EventDate "2022.09.01"]
[EventType "swiss"]
[EventRounds "9"]
[EventCountry "CAN"]

1. e4 e5 2. Nc3 Nf6 3. f4 d6 4. Nf3 Nc6 5. Bc4 Be7 6. O-O O-O 7. d3 exf4 8.
Bxf4 Na5 9. Bb3 Nxb3 10. axb3 a6 11. h3 b6 12. Qe1 Bb7 13. Nd4 Nh5 14. Nf5 Nxf4
15. Rxf4 Bc8 16. Nxe7+ Qxe7 17. Nd5 Qe5 18. Qh4 f6 19. Raf1 Bd7 20. c3 Rac8 21.
d4 Qe8 22. Qg3 Qg6 23. Nxc7 1-0

[Event "Quebec op U1700"]
[Site "Laval CAN"]
[Date "2022.09.04"]
[Round "5.54"]
[White "Guillemette, Sebastien"]
[Black "Lafer, Michael Barry jr"]
[Result "1-0"]
[WhiteElo "1495"]
[BlackElo "1568"]
[PlyCount "89"]
[EventDate "2022.09.01"]
[EventType "swiss"]
[EventRounds "9"]
[EventCountry "CAN"]

1. e4 c5 2. Nf3 d6 3. Bb5+ Nd7 4. O-O a6 5. Bxd7+ Bxd7 6. d4 cxd4 7. Qxd4 Nf6
8. c4 g6 9. Nc3 Bg7 10. h3 O-O 11. Qd3 Rc8 12. Re1 Qc7 13. Nd2 Rfd8 14. Rb1 Nh5
15. Nd5 Qc5 16. b4 Qa7 17. Nxe7+ Kh8 18. Nxc8 Rxc8 19. Bb2 Qb6 20. Bxg7+ Kxg7
21. c5 Qd8 22. Qxd6 Rc6 23. Qd4+ Kg8 24. Nf3 Qc8 25. Rbd1 Be6 26. Qd8+ Kg7 27.
Qxc8 Rxc8 28. a3 a5 29. Rd6 Nf4 30. Kh2 Bc4 31. Red1 Be2 32. Rd8 Bxd1 33. Rxc8
Bc2 34. Nd2 Ba4 35. Nc4 axb4 36. axb4 Bc6 37. Nd6 h5 38. b5 Bd7 39. Rc7 Be6 40.
Rxb7 Nd3 41. Rc7 h4 42. b6 Nb4 43. b7 Na6 44. Rc8 Bd7 45. Ra8 1-0

[Event "Quebec op U1700"]
[Site "Laval CAN"]
[Date "2022.09.04"]
[Round "5.55"]
[White "Bedard, Daniel"]
[Black "Raduica, Gheorghe"]
[Result "0-1"]
[WhiteElo "1432"]
[BlackElo "1472"]
[PlyCount "68"]
[EventDate "2022.09.01"]
[EventType "swiss"]
[EventRounds "9"]
[EventCountry "CAN"]

1. d4 d5 2. c4 e6 3. Nc3 Bb4 4. e3 Nf6 5. Bd2 Bxc3 6. Bxc3 Ne4 7. Nf3 Nxc3 8.
bxc3 O-O 9. Bd3 Nc6 10. O-O Qf6 11. Qc2 g6 12. Rab1 b6 13. Rfe1 Ba6 14. Qa4 Na5
15. Nd2 Rfc8 16. e4 c5 17. e5 Qe7 18. Rec1 Qd8 19. f4 cxd4 20. cxd4 dxc4 21.
Nf3 cxd3 22. Qa3 Rxc1+ 23. Rxc1 Rc8 24. h3 Bb7 25. Rxc8 Qxc8 26. Qxd3 Qc1+ 27.
Kf2 Qxf4 28. a4 Bxf3 29. gxf3 Qh2+ 30. Ke3 Qg1+ 31. Ke4 g5 32. d5 exd5+ 33.
Qxd5 Qb1+ 34. Ke3 Qb3+ 0-1

[Event "Quebec op U1700"]
[Site "Laval CAN"]
[Date "2022.09.04"]
[Round "6.42"]
[White "Yang, Jing Yao"]
[Black "Avarian, Aram Sevag"]
[Result "0-1"]
[WhiteElo "1259"]
[BlackElo "1657"]
[PlyCount "62"]
[EventDate "2022.09.01"]
[EventType "swiss"]
[EventRounds "9"]
[EventCountry "CAN"]

1. d4 Nf6 2. Bf4 g6 3. Nc3 d5 4. h4 Bg7 5. e3 h5 6. Nf3 c6 7. Qd2 O-O 8. Be2
Nbd7 9. Ne5 Nxe5 10. Bxe5 Ng4 11. Bxg7 Kxg7 12. f3 Nf6 13. e4 dxe4 14. Nxe4
Nxe4 15. fxe4 e5 16. O-O-O Qxd4 17. Qxd4 exd4 18. Rxd4 Be6 19. Rhd1 Kf6 20. b3
Ke7 21. Kb2 Rfd8 22. Kc3 Rxd4 23. Rxd4 c5 24. Rd2 a6 25. a4 Rb8 26. a5 Rd8 27.
Rxd8 Kxd8 28. Bc4 Kd7 29. Bd5 Bxd5 30. exd5 Kd6 31. Kc4 f6 0-1